000 00461nam a2200181 i 4500
001 bg
100 1 _aBĘZA, Stanisław
245 0 _aRepetytorium z gramatyki języka niemieckiego /
_cS. Bęza.
250 _aWyd.3.
260 _aWarszawa,
_c1983.
650 9 _aJęzyk niemiecki
_xgramatyka
655 _aPodręczniki akademickie
040 _cBPK
041 _apol
080 _a803.0-5(075.8)
942 _cKS
008 s pl f |000 0 pol
999 _c1929
_d1929
856 _uhttp://koha.tu.koszalin.pl/cgi-bin/koha/opac-detail.pl?biblionumber=1929
_yKatalog online BPK